Dạy vật lí ở trường phổ thông theo định hướng phát triển hoạt động học tích cực, tự chủ,sáng tạo và tư duy khoa học
保存先:
| 第一著者: | |
|---|---|
| フォーマット: | 図書 |
| 言語: | Undetermined |
| 出版事項: |
H.
ĐHSP
2004
|
| 主題: | |
| オンライン・アクセス: | http://lrc.tdmu.edu.vn/opac/search/detail.asp?aID=2&ID=7157 |
| タグ: |
タグ追加
タグなし, このレコードへの初めてのタグを付けませんか!
|
| Thư viện lưu trữ: | Trung tâm Học liệu Trường Đại học Thủ Dầu Một |
|---|
| LEADER | 00736nam a2200193Ia 4500 | ||
|---|---|---|---|
| 001 | TDMU_7157 | ||
| 008 | 210410s9999 xx 000 0 und d | ||
| 082 | |a 530.71 | ||
| 090 | |b PH104 | ||
| 100 | |a Phạm, Hữu Tòng | ||
| 245 | 0 | |a Dạy vật lí ở trường phổ thông theo định hướng phát triển hoạt động học tích cực, tự chủ,sáng tạo và tư duy khoa học | |
| 245 | 0 | |c Phạm Hữu Tòng | |
| 260 | |a H. | ||
| 260 | |b ĐHSP | ||
| 260 | |c 2004 | ||
| 300 | |a 200tr | ||
| 650 | |a Vật lí; Phương pháp dạy học | ||
| 856 | |u http://lrc.tdmu.edu.vn/opac/search/detail.asp?aID=2&ID=7157 | ||
| 980 | |a Trung tâm Học liệu Trường Đại học Thủ Dầu Một | ||